00470nam a2200181Ia 4500999001700000003000400017005001700021008004100038020001600079040000900095082001900104100002400123245003200147260003800179300000900217650001800226942004400244 c14016d14016OSt20201016123357.0190216s9999||||xx |||||||||||||| ||und|| a03302346318 coclc a823.914bADA/G a Adams, Jane 95799 4aThe Green Way /cJane adams bPan Books London,c1995.aLondon: a264p aEnglish Novel cBK2ddch823.914iADA/Gk823.914mADA/G